NBA Top 1000 PSP since 2000 - Statistics

General Stats
  • This quiz has been taken 92 times
  • The average score is 399 of 1000
Answer Stats
Rk Player PSP Team Pos PSPPG % Correct
1 LeBron James 93730 CLE,MIA,LAL SG,SF,PF,PG,C 52.10
100%
908 Jerome James 3591 SEA,NYK C 10.03
94%
353 Mike James 12120 MIA,BOS,DET,HOU,MIL,TOR,MIN,NOH,WAS,CHI,DAL PG 19.30
94%
66 David West 29473 NOH,NOK,IND,SAS,GSW PF,SF,C 25.58
92%
413 Delonte West 10264 BOS,CLE,SEA,DAL SG,PG 20.95
92%
3 Russell Westbrook 61102 OKC,HOU,WAS,LAL,LAC,DEN PG 46.93
92%
11 Stephen Curry 49706 GSW PG 44.38
92%
5 Dirk Nowitzki 58252 DAL PF,C 35.96
91%
399 Eddy Curry 10658 CHI,NYK,MIA,DAL C,PF 20.22
91%
8 Kevin Durant 56540 SEA,OKC,GSW,BRK,PHO SG,SF,PF 45.56
91%
4 Kobe Bryant 59934 LAL SG,SF 44.79
91%
885 Michael Curry 3779 DET,TOR,IND SG,SF 8.87
91%
465 Seth Curry 9238 CLE,MEM,PHO,SAC,DAL,POR,PHI,BRK,CHO PG,SG 17.11
91%
2 Chris Paul 61637 NOK,NOH,LAC,HOU,OKC,PHO,GSW,SAS PG 42.83
89%
7 James Harden 57421 OKC,HOU,BRK,PHI,LAC SG,PG 45.68
89%
6 Tim Duncan 57819 SAS PF,C 38.94
89%
739 Michael Jordan 5366 WAS SF 37.79
87%
37 Shaquille O'Neal 35901 LAL,MIA,PHO,CLE,BOS C 39.80
87%
97 DeAndre Jordan 25411 LAC,DAL,NYK,BRK,LAL,PHI,DEN C 22.53
85%
23 Giannis Antetokounmpo 40839 MIL SF,SG,PG,PF 46.04
85%
881 Jalen Duren 3820 DET C 26.34
85%
409 Anthony Carter 10314 MIA,SAS,MIN,DEN,NYK,TOR PG 15.58
83%
475 Anthony Parker 9098 ORL,TOR,CLE SG,SF 19.07
83%
225 Danny Green 16652 CLE,SAS,TOR,LAL,PHI,MEM SG,SF 16.64
83%
62 Draymond Green 29967 GSW SF,PF 30.27
83%
12 Dwyane Wade 49075 MIA,CHI,CLE PG,SG 39.87
83%
410 Gerald Green 10297 BOS,HOU,MIN,DAL,NJN,IND,PHO,MIA SG,SF 14.18
83%
551 Jabari Parker 7892 MIL,CHI,WAS,ATL,SAC,BOS PF 24.59
83%
571 Jalen Green 7654 HOU SG 31.50
83%
462 JaMychal Green 9304 MEM,SAS,LAC,DEN,GSW PF 15.51
83%
96 Jeff Green 25517 SEA,OKC,BOS,MEM,LAC,ORL,CLE,WAS,HOU,UTA,BRK,DEN SF,PF,C 19.70
83%
820 Jevon Carter 4327 MEM,PHO,BRK,MIL,CHI PG 10.63
83%
113 Joel Embiid 23983 PHI C 48.26
83%
65 John Wall 29548 WAS,HOU,LAC PG 43.20
83%
927 Josh Green 3379 DAL,CHO SG 12.20
83%
9 Kevin Garnett 50658 MIN,BOS,BRK PF,C 38.76
83%
32 Nikola Jokic 37462 DEN C 48.78
83%
750 Smush Parker 5237 CLE,DET,PHO,LAL,LAC,MIA PG 18.31
83%
16 Tony Parker 45306 SAS,CHO PG 30.61
83%
15 Vince Carter 45355 TOR,NJN,ORL,PHO,DAL,MEM,SAC,ATL SF,SG,PF 28.72
83%
509 Wendell Carter Jr. 8588 CHI,ORL C,PF 26.18
83%
416 Willie Green 10212 PHI,NOH,ATL,LAC,ORL SG 13.31
83%
13 Carmelo Anthony 47843 DEN,NYK,OKC,HOU,POR,LAL SF,PF 35.60
81%
24 Damian Lillard 40671 POR,MIL PG 44.11
81%
896 Hollis Thompson 3697 PHI,NOP SF,SG 13.95
81%
390 Jason Thompson 11079 SAC,GSW,TOR PF,C 18.53
81%
74 Klay Thompson 28068 GSW,DAL SG,SF 28.97
81%
43 Kyrie Irving 34118 CLE,BOS,BRK,DAL PG,SG 40.47
81%
821 Patrick Williams 4306 CHI PF 18.32
81%
206 Tristan Thompson 17258 CLE,BOS,CHI,IND,SAC,LAL PF,C 19.37
81%
545 Aaron Williams 7928 WAS,NJN,TOR,NOK,LAC PF,C 13.08
79%
490 Alvin Williams 8879 TOR,LAC PG,SG 23.74
79%
602 Cole Anthony 7152 ORL PG 25.82
79%
42 Deron Williams 34202 UTA,NJN,BRK,DAL,CLE PG 36.58
79%
658 Derrick Williams 6428 MIN,SAC,NYK,CLE,MIA,LAL PF,SF 14.74
79%
594 Eric Williams 7287 BOS,CLE,NJN,TOR,CHA,SAS SF,SG 14.40
79%
671 Grant Williams 6275 BOS,CHO,DAL PF 14.20
79%
965 Greg Anthony 3082 POR,CHI,MIL PG 14.20
79%
724 Jalen Williams 5590 OKC SG,PF 31.94
79%
17 Jason Kidd 45139 PHO,NJN,DAL,NYK PG,SG 37.93
79%
163 Jason Williams 19865 SAC,MEM,MIA,ORL PG 24.83
79%
570 Jerome Williams 7659 DET,TOR,CHI,NYK PF,SF 17.17
79%
887 Joel Anthony 3744 MIA,BOS,DET,SAS PF,C 6.73
79%
762 Kenrich Williams 5059 NOP,OKC SF,PF 15.06
79%
70 Lou Williams 28594 PHI,ATL,TOR,LAL,HOU,LAC PG,SG 23.59
79%
149 Marvin Williams 21462 ATL,UTA,CHO,MIL PF,SF 18.98
79%
421 Michael Carter-Williams 10171 PHI,MIL,CHI,CHO,HOU,ORL PG,SG 24.75
79%
931 Monty Williams 3343 ORL,PHI SF 12.71
79%
130 Mo Williams 22919 UTA,MIL,CLE,LAC,POR,CHO,MIN SG,PG 26.04
79%
753 Robert Williams 5195 BOS,POR C 18.62
79%
853 Scott Williams 4039 MIL,DEN,PHO,DAL,CLE C,PF 11.99
79%
819 Shammond Williams 4331 SEA,BOS,DEN,NOH,ORL,LAL PG,SG 12.81
79%
916 Shawne Williams 3501 IND,DAL,NYK,NJN,LAL,DET,MIA SG,SF,PF 11.01
79%
873 Shelden Williams 3876 ATL,SAC,MIN,BOS,DEN,NYK,NJN PF,C 10.50
79%
816 Walt Williams 4345 HOU,DAL SF 15.69
79%
485 Bruce Brown 8968 DET,BRK,DEN,IND,TOR SG,PG,SF 19.58
77%
120 Caron Butler 23616 MIA,LAL,WAS,DAL,LAC,MIL,OKC,DET,SAC SF,SG 24.96
77%
436 Coby White 9840 CHI PG,SG 26.24
77%
329 Derrick White 12984 SAS,BOS PG,SG 25.56
77%
649 Devin Brown 6534 DEN,SAS,UTA,NOK,CLE,NOH,CHI SG 13.12
77%
812 Jahidi White 4375 WAS,PHO,CHA C 13.93
77%
155 Jaylen Brown 20659 BOS SF,SG 30.47
77%
89 Jayson Tatum 25960 BOS SF,PF 40.25
77%
49 Jimmy Butler 33052 CHI,MIN,PHI,MIA SG,SF,PF 34.94
77%
456 Kwame Brown 9477 WAS,LAL,MEM,DET,CHA,GSW,PHI PF,C 15.16
77%
92 Luka Doncic 25884 DAL SG,PG 55.78
77%
60 Marc Gasol 30099 MEM,TOR,LAL C 30.40
77%
14 Pau Gasol 47120 MEM,LAL,CHI,SAS,MIL PF,C 34.60
77%
256 P.J. Brown 15368 MIA,CHH,NOH,NOK,CHI,BOS PF,C 21.29
77%
412 Rasual Butler 10276 MIA,NOK,NOH,LAC,CHI,TOR,IND,WAS,SAS SG,SF 12.06
77%
719 Shannon Brown 5646 CLE,CHI,CHA,LAL,PHO,NYK,SAS,MIA SG 12.19
77%
953 Sterling Brown 3209 MIL,HOU,DAL,LAL SG,SF 10.99
77%
19 Steve Nash 44418 DAL,PHO,LAL PG 38.69
77%
775 Troy Brown Jr. 4888 WAS,CHI,LAL,DET,MIN SF 13.14
77%
743 Aaron Holiday 5350 IND,PHO,WAS,ATL,HOU PG 12.99
75%
40 Allen Iverson 35451 PHI,DEN,DET,MEM SG,PG 45.86
75%
38 Anthony Davis 35656 NOH,NOP,LAL PF,C 43.75
75%
348 Antonio Davis 12198 TOR,CHI,NYK C,PF 23.96
75%
54 Baron Davis 32485 CHH,NOH,GSW,LAC,CLE,NYK PG 36.71
75%
280 Clifford Robinson 14585 PHO,DET,GSW,NJN SF,PF,C 22.03
75%
451 Dale Davis 9602 IND,POR,GSW,DET C 16.41
75%
452 David Robinson 9592 SAS C 27.72
75%
581 Duncan Robinson 7541 MIA SF,SG 17.58
75%
388 Ed Davis 11207 TOR,MEM,LAL,POR,BRK,UTA,MIN,CLE PF,C 14.84
75%
898 Eddie Robinson 3667 CHH,CHI SF 12.56
75%
477 Glen Davis 9033 BOS,ORL,LAC C,PF 14.81
75%
347 Glenn Robinson 12230 MIL,ATL,PHI,SAS SF 32.27
75%
932 Glenn Robinson III 3320 MIN,PHI,IND,DET,GSW,SAC SG,SF 10.51
75%
999 Hubert Davis 2832 DAL,WAS,DET,NJN PG,SG 11.06
75%
291 Jarrett Allen 14222 BRK,CLE C 27.19
75%
29 Jrue Holiday 37815 PHI,NOP,MIL,BOS PG,SG 34.98
75%
411 Justin Holiday 10280 PHI,GSW,ATL,CHI,NYK,MEM,IND,SAC,DAL,DEN SG,SF 14.62
75%
87 Karl-Anthony Towns 26135 MIN,NYK C,PF 41.88
75%
769 Lavoy Allen 4992 PHI,IND PF,C 12.09
75%
788 Malik Allen 4681 MIA,CHA,CHI,DAL,NJN,MIL,DEN,ORL PF 9.23
75%
637 Mitchell Robinson 6668 NYK C 19.79
75%
330 Nate Robinson 12975 NYK,BOS,OKC,GSW,CHI,DEN,LAC,NOP PG 19.96
75%
10 Paul Pierce 50007 BOS,BRK,WAS,LAC SF,SG 34.13
75%
26 Ray Allen 38316 MIL,SEA,BOS,MIA SG 30.56
75%
193 Ricky Davis 18027 CHH,MIA,CLE,BOS,MIN,LAC SG,SF 25.72
75%
930 Terence Davis 3371 TOR,SAC SG 14.22
75%
886 Thomas Robinson 3769 HOU,SAC,POR,PHI,BRK,LAL PF 11.63
75%
45 Tracy McGrady 33809 TOR,ORL,HOU,NYK,DET,ATL,SAS SF,SG 38.64
75%
31 Al Horford 37479 ATL,BOS,PHI,OKC C 29.33
74%
270 Amir Johnson 14855 DET,TOR,BOS,PHI SF,PF,C 16.08
74%
428 Anthony Johnson 10031 ATL,ORL,CLE,NJN,IND,DAL,SAC PG,SG 13.23
74%
737 Avery Johnson 5399 SAS,DAL,DEN,GSW PG 17.09
74%
58 Brook Lopez 30751 NJN,BRK,LAL,MIL C 27.31
74%
624 Cameron Johnson 6844 PHO,BRK PF 20.19
74%
20 DeMar DeRozan 41991 TOR,SAS,CHI,SAC SG,SF,PF 35.20
74%
867 DerMarr Johnson 3921 ATL,NYK,DEN,SAS SF,SG 11.08
74%
18 Dwight Howard 44795 ORL,LAL,HOU,ATL,CHO,WAS,PHI PF,C 32.77
74%
746 Ervin Johnson 5290 MIL,MIN C 10.75
74%
625 Grayson Allen 6842 UTA,MEM,MIL,PHO SG 18.01
74%
888 Jalen Johnson 3733 ATL PF,SF 21.33
74%
321 James Johnson 13239 CHI,TOR,SAC,MEM,MIA,MIN,DAL,NOP,BRK,IND PF,SF,C 16.51
74%
25 Joe Johnson 39986 BOS,PHO,ATL,BRK,MIA,UTA,HOU SG,SF 28.62
74%
287 Josh Howard 14337 DAL,WAS,UTA,MIN SF 25.02
74%
103 Julius Randle 24835 LAL,NOP,NYK,MIN PF,C 36.96
74%
179 Juwan Howard 18790 WAS,DAL,DEN,ORL,HOU,CHA,POR,MIA PF,SF,C 20.29
74%
515 Keldon Johnson 8446 SAS SF 27.16
74%
958 Larry Johnson 3181 NYK PF 21.07
74%
47 Manu Ginobili 33388 SAS SG 26.19
74%
368 Nick Young 11724 WAS,LAC,PHI,LAL,GSW,DEN SG 15.53
74%
233 Robin Lopez 16504 PHO,NOH,POR,NYK,CHI,MIL,WAS,ORL,CLE C 15.99
74%
102 Rudy Gobert 25106 UTA,MIN C 29.78
74%
682 Stanley Johnson 6135 DET,NOP,TOR,LAL,SAS SF,PF 13.45
74%
71 Thaddeus Young 28321 PHI,BRK,MIN,IND,CHI,SAS,TOR,PHO PF 23.03
74%
281 Tony Allen 14582 BOS,MEM,NOP SG,PG,SF 15.65
74%
138 Trae Young 22440 ATL PG 49.32
74%
626 Tyler Johnson 6811 MIA,PHO,BRK,PHI,SAS SG,PG 18.11
74%
518 Wesley Johnson 8366 MIN,PHO,LAL,LAC,NOP,WAS SG,SF 13.54
74%
61 Blake Griffin 30078 LAC,DET,BRK,BOS PF,C 36.11
72%
68 Bradley Beal 29210 WAS,PHO SG 36.15
72%
52 Chris Bosh 32499 TOR,MIA C,PF 33.09
72%
728 Craig Smith 5565 MIN,LAC,POR PF 13.81
72%
860 Davion Mitchell 4006 SAC,TOR PG 15.77
72%
235 Dejounte Murray 16463 SAS,ATL,NOP PG,SG 33.06
72%
590 Dennis Smith Jr. 7375 DAL,NYK,DET,POR,CHO,BRK PG 22.62
72%
99 Derrick Rose 25315 CHI,NYK,CLE,MIN,DET,MEM PG 32.66
72%
536 Devean George 8118 LAL,DAL,GSW SF 11.34
72%
145 Donovan Mitchell 21830 UTA,CLE SG,PG 40.50
72%
430 Dorian Finney-Smith 10020 DAL,BRK PF,SF 17.37
72%
128 Harrison Barnes 22994 GSW,DAL,SAC,SAS SF,PF 22.97
72%
278 Ish Smith 14698 HOU,MEM,GSW,ORL,MIL,PHO,OKC,PHI,NOP,DET,WAS,CHO,DEN PG 17.71
72%
824 Jabari Smith Jr. 4286 HOU PF 24.77
72%
189 Jalen Rose 18229 IND,CHI,TOR,NYK,PHO SF,PG,SG 30.74
72%
902 Jalen Smith 3637 PHO,IND,CHI PF,C 15.41
72%
194 Jamal Murray 18020 DEN SG,PG 32.94
72%
580 Jason Smith 7543 PHI,NOH,NOP,NYK,ORL,WAS,MIL PF,C 11.75
72%
297 Joe Smith 13852 MIN,DET,MIL,DEN,PHI,CHI,CLE,OKC,ATL,LAL,NJN C,PF,SF 17.23
72%
59 Josh Smith 30214 ATL,DET,HOU,LAC,NOP SF,PF 31.25
72%
127 J.R. Smith 23009 NOH,NOK,DEN,NYK,CLE,LAL SG,SF 20.60
72%
823 Keegan Murray 4305 SAC SF,PF 23.40
72%
55 Kevin Love 32361 MIN,CLE,MIA C,PF 31.45
72%
600 Lamond Murray 7202 CLE,TOR,NJN SF 18.66
72%
426 Malik Rose 10092 SAS,NYK,OKC PF 14.08
72%
198 Matt Barnes 17817 LAC,SAC,NYK,PHI,GSW,PHO,ORL,LAL,MEM SF,PF 17.40
72%
734 Nickeil Alexander-Walker 5452 NOP,UTA,MIN SG 16.08
72%
35 Paul George 36486 IND,OKC,LAC,PHI SG,SF,PF 36.85
72%
471 Ronald Murray 9129 MIL,SEA,CLE,DET,IND,ATL,CHA,CHI SG,PG 17.16
72%
543 Scottie Barnes 7954 TOR PF,SF,SG 35.67
72%
214 Shai Gilgeous-Alexander 17057 LAC,OKC PG,SG 39.85
72%
549 Steve Smith 7906 POR,SAS,NOH,CHA,MIA SG 17.19
72%
553 Zion Williamson 7878 NOP PF 41.25
72%
716 Adrian Griffin 5659 BOS,DAL,HOU,CHI,SEA SG,SF 10.78
70%
21 Andre Miller 41616 CLE,LAC,DEN,PHI,POR,WAS,SAC,MIN,SAS PG,SG 30.33
70%
135 Brad Miller 22724 CHH,CHI,IND,SAC,HOU,MIN C,PF 25.82
70%
798 Cam Thomas 4562 BRK SG 21.72
70%
968 Darius Miller 3057 NOH,NOP,OKC SF 10.92
70%
84 Devin Booker 26400 PHO SG,PG 39.94
70%
766 Eddie Griffin 5010 HOU,MIN PF,C 16.53
70%
745 Etan Thomas 5298 WAS,OKC,ATL C,PF 12.41
70%
197 Isaiah Thomas 17850 SAC,BOS,PHO,CLE,LAL,DEN,WAS,NOP,CHO,DAL PG,SG 30.62
70%
393 Jaren Jackson Jr. 10830 MEM PF,C 28.96
70%
83 Jermaine O'Neal 26551 POR,IND,MIA,TOR,BOS,PHO,GSW C,PF 27.80
70%
312 Kenny Thomas 13461 HOU,PHI,SAC PF 20.55
70%
180 Kurt Thomas 18778 NYK,PHO,SAS,SEA,MIL,CHI,POR PF,C 18.13
70%
22 Kyle Lowry 41317 MEM,HOU,TOR,MIA,PHI PG 32.03
70%
493 LaMelo Ball 8844 CHO PG 43.57
70%
882 Lance Thomas 3814 NOH,NOP,NYK,OKC,BRK PF,SF 9.49
70%
532 Lonzo Ball 8166 LAL,NOP,CHI PG 32.02
70%
140 Mike Miller 22413 ORL,MEM,MIN,WAS,MIA,CLE,DEN SF,SG 19.90
70%
328 Reggie Miller 13013 IND SG 24.88
70%
253 Tim Thomas 15473 MIL,NYK,CHI,PHO,LAC,DAL SF,PF 20.66
70%
511 Trevor Booker 8509 WAS,UTA,BRK,IND,PHI PF 15.53
70%
618 Tyrus Thomas 6905 CHI,CHA,MEM PF,C 16.32
70%
171 Aaron Gordon 19324 ORL,DEN PF,SF 26.54
68%
108 Antoine Walker 24616 BOS,DAL,ATL,MIA,MIN PF 32.78
68%
190 Ben Gordon 18185 CHI,DET,CHA,ORL SG 23.53
68%
107 Ben Wallace 24650 ORL,DET,CHI,CLE PF,C 23.02
68%
338 Bobby Jackson 12620 MIN,SAC,MEM,NOK,HOU,NOH PG,SG 18.26
68%
134 Devin Harris 22774 DAL,NJN,UTA,ATL,DEN PG,SG 21.71
68%
122 Eric Gordon 23509 LAC,NOH,NOP,HOU,PHO,PHI SG,SF 24.39
68%
382 Gary Harris 11352 DEN,ORL SG 18.28
68%
157 Gerald Wallace 20621 SAC,CHA,POR,NJN,BRK,BOS SF,PF 23.84
68%
152 Jarrett Jack 21155 POR,IND,TOR,NOH,GSW,CLE,BRK,NOP,NYK SG,PG 23.74
68%
425 Jim Jackson 10116 ATL,CLE,MIA,SAC,HOU,PHO,LAL SF 21.43
68%
482 Joe Harris 9000 CLE,BRK,DET SG,SF 16.89
68%
698 Josh Jackson 5923 PHO,MEM,DET,SAC SF,SG 20.35
68%
970 Justin Jackson 3055 SAC,DAL,MIL,OKC,BOS,PHO,MIN SF,PF 10.61
68%
67 Kawhi Leonard 29457 SAS,TOR,LAC SF 35.28
68%
78 Kemba Walker 27514 CHA,CHO,BOS,NYK,DAL PG 35.18
68%
748 Lonnie Walker IV 5263 SAS,LAL,BRK SG 15.34
68%
609 Lucious Harris 7034 NJN,CLE SG,PG 14.24
68%
701 Marc Jackson 5895 GSW,MIN,PHI,NJN,NOK C,PF 14.77
68%
449 Mark Jackson 9633 IND,NYK,TOR,UTA,HOU PG 23.61
68%
77 Rasheed Wallace 27698 POR,ATL,DET,BOS,NYK PF,C 27.37
68%
132 Reggie Jackson 22838 OKC,DET,LAC,DEN,PHI PG,SG 24.04
68%
846 Samaki Walker 4108 SAS,LAL,MIA,WAS,IND PF,C 11.10
68%
105 Stephen Jackson 24776 NJN,SAS,ATL,IND,GSW,CHA,MIL,LAC SF,SG,PF 26.64
68%
75 Tobias Harris 28067 MIL,ORL,DET,LAC,PHI SF,PF 28.70
68%
34 Andre Iguodala 36685 PHI,DEN,GSW,MIA SG,SF,PF 26.05
66%
307 Anthony Edwards 13634 MIN SG 39.18
66%
172 Bam Adebayo 19282 MIA C,PF 33.19
66%
91 CJ McCollum 25893 POR,NOP SG,PG 32.01
66%
255 Jalen Brunson 15408 DAL,NYK PG,SG 31.57
66%
722 Meyers Leonard 5608 POR,MIA,MIL C,PF 11.54
66%
33 Mike Conley 36945 MEM,UTA,MIN PG 30.56
66%
654 Paolo Banchero 6478 ORL PF 39.50
66%
153 Pascal Siakam 21120 TOR,IND PF 33.00
66%
978 Rick Brunson 2997 NYK,BOS,POR,CHI,TOR,LAC,HOU,SEA PG 10.37
66%
488 Scottie Pippen 8908 POR,CHI SF 27.75
66%
395 Tyler Herro 10793 MIA SG 31.01
66%
884 Victor Wembanyama 3791 SAS C 44.60
66%
565 Voshon Lenard 7726 MIA,DEN,TOR,POR SG 20.66
66%
556 Anfernee Simons 7845 POR SG 22.48
64%
275 Ben Simmons 14727 PHI,BRK PG 38.86
64%
541 Bobby Simmons 7972 WAS,LAC,MIL,NJN,SAS SF,SG,PF 16.78
64%
670 Dahntay Jones 6277 MEM,SAC,DEN,IND,ATL,DAL,LAC,CLE SG,SF 8.99
64%
988 Damian Jones 2930 GSW,ATL,LAL,PHO,SAC,UTA,CLE C 10.00
64%
441 Damon Jones 9771 DAL,GSW,VAN,DET,SAC,MIL,MIA,CLE PG,SG 14.12
64%
98 DeMarcus Cousins 25357 SAC,NOP,GSW,HOU,LAC,DEN,MIL C 37.62
64%
685 Derrick Jones Jr. 6130 PHO,MIA,POR,CHI,DAL,LAC SF,PF 12.64
64%
210 Eddie Jones 17156 CHH,MIA,MEM,DAL SG,SF 26.19
64%
615 Fred Jones 6956 IND,POR,TOR,NYK,LAC SG,SF 15.02
64%
768 Herbert Jones 5005 NOP PF,SF 20.94
64%
606 James Jones 7110 IND,PHO,POR,MIA,CLE SF,SG 8.30
64%
827 Jonathon Simmons 4263 SAS,ORL,PHI SG,SF 15.06
64%
621 Jumaine Jones 6860 PHI,CLE,BOS,LAL,CHA,PHO SF,PF,SG 13.72
64%
655 Kevin Porter Jr. 6455 CLE,HOU,LAC SF,SG,PG 30.02
64%
90 Khris Middleton 25915 DET,MIL SG,SF 31.64
64%
28 LaMarcus Aldridge 37886 POR,SAS,BRK C,PF 33.00
64%
492 Michael Porter Jr. 8849 DEN SF 25.65
64%
384 Otto Porter Jr. 11305 WAS,CHI,ORL,GSW,TOR SF,PF 19.59
64%
758 Terrence Jones 5098 HOU,MIL,NOP PF 19.68
64%
854 Terry Porter 4036 SAS PG 16.34
64%
771 Thomas Bryant 4900 LAL,WAS,DEN,MIA C 17.63
64%
726 Tre Jones 5573 SAS PG 21.68
64%
344 Tyus Jones 12348 MIN,MEM,WAS,PHO PG 19.11
64%
964 Aaron Wiggins 3088 OKC SG 13.60
62%
141 Andrew Wiggins 22247 MIN,GSW SF,PF 29.12
62%
48 Chauncey Billups 33176 DEN,MIN,DET,NYK,LAC SG,PG 31.18
62%
109 Jeff Teague 24429 ATL,IND,MIN,BOS,MIL PG 26.76
62%
247 Kristaps Porzingis 15901 NYK,DAL,WAS,BOS PF,C 33.34
62%
39 Rajon Rondo 35469 BOS,DAL,SAC,CHI,NOP,LAL,ATL,LAC,CLE PG 32.45
62%
448 Tyrese Maxey 9658 PHI SG,PG 30.37
62%
205 Yao Ming 17313 HOU C 33.68
62%
69 Amar'e Stoudemire 28746 PHO,NYK,DAL,MIA PF,C 31.11
60%
201 Brandon Ingram 17658 LAL,NOP SF,PF 34.76
60%
236 Damon Stoudamire 16448 POR,MEM,SAS PG 25.62
60%
345 Darius Garland 12248 CLE SG,PG 35.71
60%
136 Domantas Sabonis 22636 OKC,IND,SAC PF,C 36.75
60%
306 Elfrid Payton 13647 ORL,PHO,NOP,NYK PG 26.92
60%
115 Gary Payton 23814 SEA,MIL,LAL,BOS,MIA PG 33.97
60%
993 Gary Payton II 2891 MIL,LAL,WAS,GSW,POR PG,SF,SG 11.61
60%
848 Jason Hart 4098 MIL,SAS,CHA,SAC,LAC,UTA,DEN,MIN,NOH PG 11.26
60%
364 Josh Hart 11791 LAL,NOP,POR,NYK SG,SF 23.87
60%
79 Metta World Peace 27254 CHI,IND,SAC,HOU,LAL,NYK SF 25.33
60%
360 Tyrese Haliburton 11912 SAC,IND PG,SG 40.52
60%
81 Andre Drummond 26812 DET,CLE,LAL,BRK,PHI,CHI C 29.73
58%
167 De'Aaron Fox 19607 SAC PG 39.53
58%
144 George Hill 21839 SAS,IND,UTA,CLE,SAC,MIL,OKC,PHI PG,SG 20.62
58%
187 Grant Hill 18278 DET,ORL,PHO,LAC SF,SG 26.45
58%
161 JJ Redick 19953 ORL,MIL,LAC,PHI,NOP,DAL PG,SG 19.00
58%
175 Joakim Noah 18897 CHI,NYK,MEM,LAC C 25.75
58%
620 Jordan Hill 6868 HOU,NYK,LAL,IND,MIN PF,C 16.01
58%
50 Nikola Vucevic 32878 PHI,ORL,CHI C 35.09
58%
64 Richard Hamilton 29812 WAS,DET,CHI SG,SF 28.37
58%
560 Rick Fox 7781 LAL SF 17.76
58%
705 Solomon Hill 5819 IND,NOP,MEM,MIA,ATL SF,PF 11.97
58%
744 Tyrone Hill 5333 PHI,CLE,MIA PF 19.46
58%
158 Zach LaVine 20248 MIN,CHI PG,SG,SF 33.69
58%
790 Arvydas Sabonis 4646 POR C 20.20
57%
453 Brian Grant 9591 POR,MIA,LAL,PHO PF,C 19.11
57%
667 Cade Cunningham 6308 DET SG,PG 40.70
57%
63 Carlos Boozer 29949 CLE,UTA,CHI,LAL PF,C 31.73
57%
420 Corliss Williamson 10174 SAC,DET,TOR,PHI SF,PF 16.38
57%
498 Dante Cunningham 8741 POR,CHA,MEM,MIN,NOP,BRK,SAS PF,SF 11.88
57%
220 Evan Turner 16900 PHI,IND,BOS,POR,ATL SG,SF,PG 22.01
57%
537 Franz Wagner 8096 ORL SF 31.50
57%
711 Horace Grant 5764 SEA,LAL,ORL PF,C 18.36
57%
336 Ja Morant 12726 MEM PG 44.19
57%
249 Jerami Grant 15746 PHI,OKC,DEN,DET,POR SF,PF 21.72
57%
845 Jerian Grant 4117 NYK,CHI,ORL,WAS PG,SG 14.34
57%
230 Karl Malone 16555 UTA,LAL PF 40.28
57%
129 Kyle Korver 22989 PHI,UTA,CHI,ATL,CLE,MIL SF,PF,SG 16.69
57%
343 Lauri Markkanen 12360 CHI,CLE,UTA PF,SF 29.57
57%
191 Michael Redd 18132 MIL,PHO SG,SF 28.11
57%
709 Moritz Wagner 5773 LAL,WAS,BOS,ORL C 16.08
57%
238 Myles Turner 16429 IND C 26.08
57%
982 Nick Richards 2969 CHO PF,C 14.41
57%
110 Serge Ibaka 24315 OKC,ORL,TOR,LAC,MIL PF,C 22.70
57%
27 Shawn Marion 38218 PHO,MIA,TOR,DAL,CLE SF,PF 30.05
57%
818 Alan Anderson 4339 CHA,TOR,BRK,WAS,LAC SF,SG 12.47
55%
80 Al Jefferson 26940 BOS,MIN,UTA,CHA,CHO,IND PF,C 28.78
55%
857 Andre Roberson 4018 OKC,BRK SG,SF 12.07
55%
505 Anfernee Hardaway 8623 PHO,NYK,MIA SG,SF 24.36
55%
578 Bryon Russell 7552 UTA,WAS,LAL,DEN SF,SG 16.17
55%
176 Clint Capela 18872 HOU,ATL C 26.28
55%
166 Cuttino Mobley 19699 HOU,ORL,SAC,LAC SG 27.36
55%
154 D'Angelo Russell 20886 LAL,BRK,GSW,MIN PG 33.52
55%
352 Derek Anderson 12144 LAC,SAS,POR,HOU,MIA,CHA SG,PG,SF 22.87
55%
575 Evan Mobley 7601 CLE PF 32.48
55%
774 Jarron Collins 4888 UTA,PHO,LAC,POR C 8.46
55%
533 Jason Collins 8159 NJN,MEM,MIN,ATL,BOS,WAS,BRK C,PF 9.83
55%
314 John Collins 13403 ATL,UTA PF 28.04
55%
101 Jonas Valanciunas 25190 TOR,MEM,NOP,WAS C 26.88
55%
583 Kenny Anderson 7531 BOS,NOH,SEA,IND,ATL,LAC PG 20.69
55%
313 Kyle Anderson 13421 SAS,MEM,MIN,GSW SF,PF 18.14
55%
858 LaPhonso Ellis 4016 ATL,MIN,MIA PF,SF 15.15
55%
315 Mikal Bridges 13390 PHO,BRK,NYK SF,SG 25.26
55%
418 Miles Bridges 10181 CHO SF,PF 27.29
55%
76 Monta Ellis 28051 GSW,MIL,DAL,IND SG 32.21
55%
263 Patty Mills 15231 POR,SAS,BRK,ATL,MIA,UTA PG,SG 15.20
55%
242 P.J. Tucker 16028 TOR,PHO,HOU,MIL,MIA,PHI,LAC SF,SG,PF 16.24
55%
72 Richard Jefferson 28314 NJN,MIL,SAS,GSW,UTA,DAL,CLE,DEN SF 21.43
55%
678 Rondae Hollis-Jefferson 6178 BRK,TOR,POR SF,PF 19.37
55%
259 Roy Hibbert 15306 IND,LAL,CHO,DEN C 21.38
55%
305 Ryan Anderson 13658 NJN,ORL,NOH,NOP,HOU,MIA,PHO PF,C 19.65
55%
554 Shandon Anderson 7876 HOU,NYK,MIA SF,SG 14.40
55%
755 Talen Horton-Tucker 5175 LAL,UTA,CHI SG,PG 19.45
55%
435 Taurean Prince 9861 ATL,BRK,CLE,MIN,LAL,MIL SF,PF 18.13
55%
106 Tayshaun Prince 24752 DET,MEM,BOS,MIN SF 21.39
55%
707 Tim Hardaway 5804 MIA,DAL,DEN,IND PG 26.38
55%
228 Tim Hardaway Jr. 16574 NYK,ATL,DAL,DET SG,SF 20.87
55%
676 Zach Collins 6215 POR,SAS C,PF 17.61
55%
900 Anthony Randolph 3649 GSW,MIN,NYK,DEN PF,C 14.20
53%
665 Austin Reaves 6327 LAL SG 25.62
53%
121 Chris Webber 23532 SAC,PHI,DET,GSW PF 41.28
53%
125 Derek Fisher 23256 LAL,GSW,UTA,OKC,DAL PG,SG 17.79
53%
112 Gordon Hayward 24187 UTA,BOS,CHO,OKC SF,PF 27.77
53%
910 Hakeem Olajuwon 3543 HOU,TOR C 21.09
53%
41 Jamal Crawford 34500 CHI,NYK,GSW,ATL,POR,LAC,MIN,PHO,BRK PG,SG 24.63
53%
30 Jason Terry 37803 ATL,DAL,BOS,BRK,HOU,MIL PG,SG 24.64
53%
675 Jordan Crawford 6220 ATL,WAS,BOS,GSW,NOP SG,PG 21.16
53%
137 Ricky Rubio 22468 MIN,UTA,PHO,CLE PG 31.56
53%
57 Rudy Gay 31033 MEM,TOR,SAC,SAS,UTA SF,PF 27.22
53%
36 Zach Randolph 36141 POR,NYK,LAC,MEM,SAC PF,C 30.47
53%
850 Brian Roberts 4089 NOH,NOP,CHO,POR PG 12.62
51%
941 Chet Holmgren 3275 OKC C 32.11
51%
285 Courtney Lee 14370 ORL,NJN,HOU,BOS,MEM,CHO,NYK,DAL SG 16.69
51%
800 Damion Lee 4548 ATL,GSW,PHO SG 14.30
51%
117 David Lee 23693 NYK,GSW,BOS,DAL,SAS SF,PF,C 27.17
51%
209 Fred VanVleet 17161 TOR,HOU PG,SG 30.64
51%
689 Gary Neal 6053 SAS,CHA,MIL,CHO,MIN,WAS,ATL SG 15.25
51%
392 Gorgui Dieng 10897 MIN,MEM,SAS,ATL C,PF 17.05
51%
119 Jameer Nelson 23654 ORL,BOS,DAL,DEN,DET,NOP PG 25.66
51%
94 Jason Richardson 25805 GSW,CHA,PHO,ORL,PHI SG,SF 28.86
51%
342 Josh Richardson 12371 MIA,PHI,DAL,BOS,SAS,NOP SG,SF 21.11
51%
88 Luol Deng 26009 CHI,CLE,MIA,LAL,MIN SF,PF 26.98
51%
182 Marcus Smart 18549 BOS,MEM PG,SG 25.83
51%
265 Mario Chalmers 15103 MIA,MEM PG 20.27
51%
85 Nicolas Batum 26355 POR,CHO,LAC,PHI SF,SG,PF 23.04
51%
53 Paul Millsap 32487 UTA,ATL,DEN,BRK,PHI PF,C 26.74
51%
261 Quentin Richardson 15242 LAC,PHO,NYK,MIA,ORL SG,SF 18.61
51%
146 Andrei Kirilenko 21733 UTA,MIN,BRK SF,PF 25.51
49%
46 Antawn Jamison 33624 GSW,DAL,WAS,CLE,LAL,LAC SF,PF 31.08
49%
381 Brandon Roy 11357 POR,MIN SG 33.30
49%
324 Deandre Ayton 13169 PHO,POR C 31.81
49%
124 Dennis Schroder 23295 ATL,OKC,LAL,BOS,HOU,BRK,TOR PG,SG 27.28
49%
350 Dikembe Mutombo 12157 ATL,PHI,NJN,NYK,HOU C 18.53
49%
434 Dwight Powell 9884 BOS,DAL PF,C 13.98
49%
44 Elton Brand 33975 CHI,LAC,PHI,DAL,ATL PF,C 30.94
49%
150 Gilbert Arenas 21327 GSW,WAS,ORL,MEM PG 36.58
49%
82 Goran Dragic 26787 PHO,HOU,MIA,BRK,TOR,CHI,MIL PG,SG 26.55
49%
221 Jae Crowder 16795 DAL,BOS,CLE,UTA,MEM,MIA,PHO,MIL SF,PF 18.30
49%
356 Jeremy Lin 12037 GSW,NYK,HOU,LAL,CHO,BRK,ATL,TOR PG,SG 23.84
49%
396 Jordan Poole 10753 GSW,WAS SG,PG 27.22
49%
989 Leon Powe 2928 BOS,CLE,MEM C,PF,SF 10.80
49%
183 Marcus Morris 18480 HOU,PHO,DET,BOS,LAC,NYK,CLE,PHI PF,SF 20.31
49%
244 Markieff Morris 15980 PHO,WAS,OKC,DET,LAL,MIA,BRK,DAL PF 19.28
49%
484 Monte Morris 8975 DEN,WAS,DET,MIN,PHO PG 20.21
49%
614 Naz Reid 6995 MIN C 19.22
49%
346 Norman Powell 12241 TOR,POR,LAC SG,SF 18.60
49%
73 Rashard Lewis 28171 SEA,ORL,WAS,MIA SF,PF 25.11
49%
111 Sam Cassell 24255 MIL,MIN,LAC,BOS PG 33.78
49%
93 Trevor Ariza 25848 NYK,ORL,LAL,HOU,NOH,WAS,PHO,POR,SAC,MIA SF,SG 21.12
49%
100 Tyson Chandler 25219 CHI,NOK,NOH,CHA,DAL,NYK,PHO,LAL,HOU C,PF 20.40
49%
251 Wilson Chandler 15547 NYK,DEN,LAC,PHI,BRK SF,SG,PF 22.50
49%
341 Bogdan Bogdanovic 12543 SAC,ATL SG 25.81
47%
202 Bojan Bogdanovic 17647 BRK,WAS,IND,UTA,DET,NYK SF,PF 22.92
47%
104 Boris Diaw 24804 ATL,PHO,CHA,SAS,UTA SG,PF 20.97
47%
725 Brandon Clarke 5582 MEM PF 20.30
47%
723 Caleb Martin 5592 CHO,MIA,PHI SF 16.84
47%
913 Cody Martin 3530 CHO SF 15.76
47%
527 Desmond Bane 8211 MEM SG 29.33
47%
131 Eric Bledsoe 22883 LAC,PHO,MIL,NOP PG,SG 28.46
47%
283 Hassan Whiteside 14521 SAC,MIA,POR,UTA C 26.99
47%
903 Ian Clark 3620 UTA,DEN,GSW,NOP SG 9.76
47%
365 John Stockton 11762 UTA PG 33.41
47%
142 Kenyon Martin 21981 NJN,DEN,LAC,NYK,MIL PF,C 25.29
47%
656 Keon Clark 6453 DEN,TOR,SAC,UTA C,PF 18.28
47%
184 Kevin Martin 18478 SAC,HOU,OKC,MIN,SAS PG,SG 25.11
47%
804 KJ Martin 4511 HOU,LAC,PHI SF,PF 16.17
47%
627 Maurice Evans 6804 MIN,SAC,DET,LAL,ORL,ATL,WAS SG,SF 11.01
47%
139 Peja Stojakovic 22418 SAC,IND,NOK,NOH,DAL,TOR SF 26.50
47%
387 Reggie Evans 11224 SEA,DEN,PHI,TOR,LAC,BRK,SAC PF 13.14
47%
174 Tyreke Evans 18921 SAC,NOP,MEM,IND SG,SF,PG 31.43
47%
349 Aaron Brooks 12192 HOU,PHO,SAC,DEN,CHI,IND,MIN PG 17.80
45%
611 Alex Caruso 7022 LAL,CHI,OKC PG,SG 17.04
45%
386 Andrew Bynum 11246 LAL,CLE,IND C 22.86
45%
335 Avery Bradley 12911 BOS,DET,LAC,MEM,LAL,HOU,MIA PG,SG 18.47
45%
226 Danny Granger 16645 IND,LAC,MIA SF 26.80
45%
403 Dillon Brooks 10434 MEM,HOU SF,SG 22.68
45%
240 Jusuf Nurkic 16123 DEN,POR,PHO C 28.09
45%
200 Kentavious Caldwell-Pope 17659 DET,LAL,WAS,DEN,ORL SG 19.28
45%
778 Killian Hayes 4841 DET PG 23.05
45%
56 Mike Bibby 31255 VAN,SAC,ATL,MIA,WAS,NYK PG 29.60
45%
764 Payton Pritchard 5040 BOS SG,PG 14.65
45%
661 Shawn Bradley 6368 DAL C 13.29
45%
714 Shawn Kemp 5733 CLE,POR,ORL C,PF 18.26
45%
143 Steve Francis 21898 HOU,ORL,NYK PG,SG 37.69
45%
215 Steven Adams 17041 OKC,NOP,MEM,HOU C 21.85
45%
237 Udonis Haslem 16438 MIA PF,C 15.99
45%
227 Victor Oladipo 16604 ORL,OKC,IND,HOU,MIA PG,SG 30.86
45%
674 Will Bynum 6246 GSW,DET,WAS PG,SG 17.02
45%
160 Zydrunas Ilgauskas 20013 CLE,MIA C 24.05
45%
439 Alonzo Mourning 9812 MIA,NJN C,PF 22.50
43%
177 Andrew Bogut 18814 MIL,GSW,CLE,DAL,LAL PF,C 24.03
43%
271 Bobby Portis 14854 CHI,WAS,NYK,MIL PF,C 22.17
43%
529 Chuck Hayes 8195 HOU,SAC,TOR PF,C 12.14
43%
398 Collin Sexton 10689 CLE,UTA PG,SG 29.69
43%
703 Jaden McDaniels 5851 MIN PF,SF 18.11
43%
922 Jalen McDaniels 3426 CHO,PHI,TOR SF 13.28
43%
669 Jarvis Hayes 6287 WAS,DET,NJN SF,SG 14.22
43%
825 Jaxson Hayes 4275 NOP,LAL C 12.72
43%
164 Jordan Clarkson 19778 LAL,CLE,UTA PG,SG 25.62
43%
309 Kendrick Perkins 13529 BOS,OKC,CLE,NOP C 14.63
43%
123 Kirk Hinrich 23453 CHI,ATL,WAS PG,SG 24.69
43%
266 Kyle Kuzma 15097 LAL,WAS PF,SF 29.37
43%
51 Lamar Odom 32762 LAC,MIA,LAL,DAL SF,PF 30.65
43%
357 Lance Stephenson 12033 IND,CHO,LAC,MEM,MIN,NOP,LAL,ATL SG,SF,PG 19.69
43%
178 Marcin Gortat 18792 ORL,PHO,WAS,LAC C,PF 21.07
43%
469 P.J. Washington 9177 CHO,DAL PF,C 24.80
43%
246 Spencer Dinwiddie 15924 DET,BRK,DAL,WAS,LAL PG,SG 26.90
43%
162 Wesley Matthews 19875 UTA,POR,DAL,IND,NYK,MIL,LAL,ATL SG,SF 18.86
43%
218 Brandon Jennings 16965 MIL,DET,ORL,NYK,WAS PG 29.25
42%
491 Donte DiVincenzo 8854 MIL,SAC,GSW,NYK,MIN SG 21.65
42%
114 Hedo Turkoglu 23868 SAC,SAS,ORL,TOR,PHO,LAC SF,PF 21.58
42%
784 Jalen Suggs 4772 ORL PG,SG 23.74
42%
544 Josh Giddey 7944 OKC,CHI SF,PF,SG,PG 33.10
42%
260 Latrell Sprewell 15295 NYK,MIN SF 29.70
42%
419 OG Anunoby 10178 TOR,NYK SF,PF 21.56
42%
789 Patrick Ewing 4678 NYK,SEA,ORL C 20.88
42%
389 RJ Barrett 11191 NYK,TOR SG,SF 31.09
42%
95 Stephon Marbury 25709 NJN,PHO,NYK,BOS PG 38.26
42%
424 Tony Battie 10119 BOS,CLE,ORL,NJN,PHI C,PF 13.01
42%
224 Ty Lawson 16653 DEN,HOU,IND,SAC,WAS PG 28.37
42%
337 Vlade Divac 12714 SAC,LAL C 26.94
42%
699 Alan Henderson 5919 ATL,DAL,CLE,PHI PF,C 13.24
40%
487 Anthony Mason 8913 CHH,MIA,MIL SF,PF,C 27.68
40%
293 Antonio Daniels 14077 SAS,POR,SEA,WAS,NOH,PHI SG,PG 17.25
40%
631 Daniel Gafford 6787 CHI,WAS,DAL C,PF 18.44
40%
159 Danilo Gallinari 20103 NYK,DEN,LAC,OKC,ATL,DET,MIL,WAS SG,SF,PF 24.22
40%
301 Desmond Mason 13779 SEA,MIL,NOK,OKC,SAC SF,SG 20.91
40%
241 Evan Fournier 16117 DEN,ORL,BOS,NYK,DET SG,SF 22.26
40%
400 Gerald Henderson Jr. 10494 CHA,CHO,POR,PHI SG 19.08
40%
741 Glen Rice 5358 LAL,NYK,HOU,LAC SF 18.93
40%
702 Isaiah Hartenstein 5890 HOU,CLE,DEN,LAC,NYK,OKC PF,C 16.73
40%
760 Jaden Ivey 5083 DET SG 30.08
40%
461 Malik Beasley 9340 DEN,MIN,LAL,UTA,MIL,DET SG 16.86
40%
431 Malik Monk 9936 CHO,LAL,SAC SG 20.83
40%
133 Marcus Camby 22837 NYK,DEN,LAC,POR,HOU C,PF 26.55
40%
483 Marquis Daniels 8995 DAL,IND,BOS,MIL SG,SF 14.67
40%
327 Michael Beasley 13043 MIA,MIN,PHO,HOU,MIL,NYK,LAL PF,SF 20.57
40%
975 Paul Reed 3014 PHI,DET PF,C 11.77
40%
691 Roger Mason 6004 CHI,TOR,WAS,SAS,NYK,NOH,MIA SF,SG,PG 11.08
40%
826 Trey Murphy III 4273 NOP SF 19.51
40%
943 Troy Daniels 3260 HOU,CHO,MIN,MEM,PHO,DEN,LAL SG 9.08
40%
232 Troy Murphy 16523 GSW,IND,BOS,NJN,LAL,DAL PF 22.51
40%
339 Anderson Varejao 12601 CLE,GSW PF,C 17.50
38%
340 Andrea Bargnani 12557 TOR,NYK,BRK PF,C 22.38
38%
369 Brandon Knight 11701 DET,MIL,PHO,CLE,HOU,DAL PG,SG 25.94
38%
299 Brevin Knight 13807 CLE,ATL,MEM,MIL,PHO,WAS,CHA,LAC,UTA PG 22.27
38%
372 Bruce Bowen 11643 MIA,PHI,SAS SF 12.71
38%
217 Buddy Hield 16998 NOP,SAC,IND,PHI,GSW SG,SF 25.95
38%
864 Gabe Vincent 3951 MIA,LAL PG 14.42
38%
373 Ivica Zubac 11643 LAL,LAC C 20.43
38%
359 Jakob Poeltl 11937 TOR,SAS C 20.55
38%
274 JaVale McGee 14728 WAS,DEN,PHI,DAL,GSW,LAL,CLE,PHO,SAC C 14.97
38%
219 J.J. Barea 16924 DAL,MIN PG,SG 19.21
38%
458 Kevon Looney 9391 GSW PF,C 15.20
38%
619 Luguentz Dort 6899 OKC SF,SG 21.10
38%
126 Michael Finley 23066 DAL,SAS,BOS SF,SG 24.67
38%
914 Royal Ivey 3522 ATL,MIL,PHI,OKC PG,SG 6.93
38%
923 Ryan Bowen 3417 DEN,HOU,NOH,OKC SF,SG,PF 6.47
38%
181 Zaza Pachulia 18614 ORL,MIL,ATL,DAL,GSW,DET C 15.87
38%
432 Cody Zeller 9916 CHA,CHO,POR,MIA,NOP C 16.92
36%
668 Daniel Gibson 6304 CLE PG,SG 14.10
36%
168 Darren Collison 19536 NOH,IND,DAL,LAC,SAC,LAL PG 26.01
36%
650 De'Andre Hunter 6525 ATL SF 22.50
36%
633 Deni Avdija 6777 WAS,POR SF 22.22
36%
333 Doug Christie 12954 TOR,SAC,ORL,DAL,LAC SG 25.20
36%
147 Jose Calderon 21733 TOR,DET,DAL,NYK,ATL,LAL,CLE SG,PG 23.24
36%
383 Kenneth Faried 11313 DEN,BRK,HOU PF,C 22.81
36%
870 Larry Sanders 3888 MIL,CLE C,PF 16.07
36%
514 Lindsey Hunter 8455 DET,MIL,LAL,TOR,CHI PG,SG 12.70
36%
288 Malcolm Brogdon 14335 MIL,IND,BOS,POR,WAS SG,PG 29.38
36%
192 Mason Plumlee 18099 BRK,POR,DEN,DET,CHO,LAC,PHO C 20.73
36%
855 Miles Plumlee 4036 IND,PHO,MIL,CHO,ATL C 11.63
36%
118 Nene 23678 DEN,WAS,HOU C,PF 22.42
36%
298 Nick Collison 13830 SEA,OKC C,PF 13.82
36%
834 Quinton Ross 4221 LAC,MEM,DAL,WAS,NJN SG,SF 8.98
36%
86 Raymond Felton 26168 CHA,DEN,NYK,POR,DAL,LAC,OKC PG,SG 25.71
36%
874 Steven Hunter 3849 ORL,PHO,PHI,DEN,MEM C,PF 9.08
36%
186 Taj Gibson 18375 CHI,OKC,MIN,NYK,WAS,DET,CHO PF,C 17.58
36%
318 Terrence Ross 13367 TOR,ORL,PHO SG,SF 17.14
36%
267 T.J. McConnell 14915 PHI,IND PG 21.74
36%
693 Tyler Zeller 5977 CLE,BOS,BRK,MIL,ATL,MEM,SAS C 13.62
36%
683 Charlie Bell 6134 DAL,PHO,MIL,GSW SG 15.97
34%
148 Corey Maggette 21657 ORL,LAC,GSW,MIL,CHA,DET SF,SG,PF 25.81
34%
195 Derrick Favors 17879 NJN,UTA,NOP,OKC PF,C 21.49
34%
248 Emeka Okafor 15883 CHA,NOH,WAS,NOP PF,C 25.49
34%
808 Jahlil Okafor 4453 PHI,BRK,NOP,DET C 18.03
34%
366 Jamal Mashburn 11736 MIA,CHH,NOH SF 36.91
34%
319 Kelly Oubre Jr. 13362 WAS,PHO,GSW,CHO,PHI SF 20.98
34%
284 Marco Belinelli 14448 GSW,TOR,NOH,CHI,SAS,SAC,CHO,ATL,PHI SG,SF 15.62
34%
664 Nic Claxton 6331 BRK C 23.02
34%
687 Norris Cole 6090 MIA,NOP,OKC PG 14.23
34%
331 Raja Bell 12969 PHI,DAL,UTA,PHO,CHA,GSW SG 16.76
34%
358 Robert Horry 12023 LAL,SAS PF 15.09
34%
173 Shane Battier 19207 MEM,HOU,MIA SF,SG 17.64
34%
569 Speedy Claxton 7678 PHI,SAS,GSW,NOH,NOK,ATL PG 21.09
34%
660 Terance Mann 6420 LAC SF,SG 15.70
34%
630 Tiago Splitter 6788 SAS,ATL,PHI C,PF 16.16
34%
950 Tre Mann 3228 OKC,CHO PG 17.74
34%
239 Wally Szczerbiak 16317 MIN,BOS,CLE,SEA SF 23.14
34%
893 Andrew Nembhard 3713 IND SG,PG 22.23
32%
391 Chandler Parsons 10915 HOU,DAL,MEM,ATL SF,PF 24.09
32%
208 Chris Kaman 17180 LAC,NOH,DAL,LAL,POR C 22.82
32%
534 Iman Shumpert 8154 NYK,CLE,HOU,SAC,BRK PG,SG,SF 15.10
32%
585 Immanuel Quickley 7467 NYK,TOR PG,SG 24.32
32%
749 Isaiah Stewart 5259 DET C,PF 20.70
32%
269 Joe Ingles 14885 UTA,MIL,ORL,MIN SF,PF 19.38
32%
694 Max Strus 5973 CHI,MIA,CLE SF 18.90
32%
207 Mehmet Okur 17200 DET,UTA,NJN PF,C 24.40
32%
546 Othella Harrington 7925 VAN,NYK,CHI,CHA PF,C 13.98
32%
604 Saddiq Bey 7119 DET,ATL SF 23.81
32%
169 Shareef Abdur-Rahim 19491 VAN,ATL,POR,SAC SF,PF,C 31.24
32%
268 Shaun Livingston 14900 LAC,MIA,OKC,WAS,CHA,MIL,CLE,BRK,GSW PG,SG 15.54
32%
588 Shelvin Mack 7409 WAS,ATL,PHI,UTA,ORL,CHO,MEM PG,SG 15.24
32%
204 Terry Rozier 17464 BOS,CHO,MIA PG,SG 26.26
32%
455 Toni Kukoc 9482 CHI,PHI,ATL,MIL SF,PF 20.70
32%
116 Al Harrington 23790 IND,ATL,GSW,NYK,DEN,ORL,WAS PF,SF,C 23.44
30%
584 Alperen Sengun 7485 HOU C 32.83
30%
361 Austin Rivers 11876 NOH,NOP,LAC,HOU,WAS,DEN,NYK,MIN SG,PG 15.38
30%
875 Bennedict Mathurin 3849 IND SG,SF 24.67
30%
273 Brent Barry 14730 SEA,SAS,HOU SG,SF 19.28
30%
394 DeMarre Carroll 10794 MEM,HOU,DEN,UTA,ATL,TOR,BRK,SAS SF,PF,C 16.81
30%
706 Devin Vassell 5809 SAS SF,SG 23.71
30%
257 Donyell Marshall 15366 GSW,UTA,CHI,TOR,CLE,SEA,PHI PF,SF 22.33
30%
216 Enes Freedom 17014 UTA,OKC,NYK,POR,BOS C 21.08
30%
599 Jon Barry 7203 SAC,DET,DEN,ATL,HOU SG 15.01
30%
407 Kevin Huerter 10379 ATL,SAC SG,SF 22.51
30%
632 Kevin Ollie 6783 PHI,NJN,CHI,IND,MIL,SEA,CLE,MIN,OKC PG,SG 10.26
30%
579 Kris Dunn 7551 MIN,CHI,ATL,POR,UTA,LAC PG 21.15
30%
170 Larry Hughes 19396 GSW,PHI,WAS,CLE,CHI,NYK,CHA,ORL SG,PG,SF 27.01
30%
838 Naji Marshall 4196 NOP,DAL SF 16.02
30%
245 Rodney Stuckey 15935 DET,IND PG,SG 23.47
30%
1000 Ron Harper 2820 LAL PG 18.08
30%
847 Aaron Nesmith 4105 BOS,IND SF 14.25
28%
417 Alex Len 10198 PHO,ATL,SAC,TOR,WAS C 15.13
28%
376 Allan Houston 11579 NYK SG 28.24
28%
334 Brandon Bass 12918 NOK,DAL,ORL,BOS,LAL,LAC PF,C 15.81
28%
446 C.J. Watson 9668 GSW,CHI,BRK,IND,ORL PG 14.92
28%
598 Damien Wilkins 7221 SEA,OKC,MIN,ATL,DET,PHI,IND SF,SG 12.10
28%
234 Earl Watson 16482 SEA,MEM,DEN,OKC,IND,UTA,POR PG 18.52
28%
243 Eric Snow 16027 PHI,CLE PG,SG 22.86
28%
231 Ersan Ilyasova 16527 MIL,DET,ORL,ATL,OKC,PHI,UTA PF 18.84
28%
156 Jerry Stackhouse 20624 DET,WAS,DAL,MIL,MIA,ATL,BRK SG,SF 26.92
28%
212 Kelly Olynyk 17074 BOS,MIA,HOU,DET,UTA,TOR C,PF 21.24
28%
577 Matthew Dellavedova 7575 CLE,MIL,SAC SG,PG 14.27
28%
304 O.J. Mayo 13704 MEM,DAL,MIL SG 23.92
28%
295 Robert Covington 13952 HOU,PHI,MIN,POR,LAC SF,C,PF 21.60
28%
402 Royce O'Neale 10487 UTA,BRK,PHO SF 17.80
28%
641 Rui Hachimura 6632 WAS,LAL PF 20.73
28%
211 Samuel Dalembert 17140 PHI,SAC,HOU,MIL,DAL,NYK C 18.81
28%
592 Vin Baker 7327 SEA,BOS,NYK,HOU,LAC C,PF 20.07
28%
947 A.J. Price 3238 IND,WAS,MIN,CLE,PHO PG,SG 11.99
26%
940 Antoine Wright 3278 NJN,DAL,TOR,SAC SG,SF 10.09
26%
203 Antonio McDyess 17573 DEN,NYK,PHO,DET,SAS PF 21.17
26%
294 Arron Afflalo 13998 DET,DEN,ORL,POR,NYK,SAC SG,SF 17.56
26%
720 Brandan Wright 5646 GSW,NJN,DAL,BOS,PHO,MEM,HOU PF,C 12.83
26%
300 Caris LeVert 13800 BRK,IND,CLE SF,SG 27.60
26%
320 C.J. Miles 13334 UTA,CLE,IND,TOR,MEM,WAS,BOS PG,SG,SF 14.93
26%
463 Darius Miles 9256 LAC,CLE,POR,MEM SF 20.75
26%
445 Delon Wright 9686 TOR,MEM,DAL,DET,SAC,ATL,WAS,MIA,MIL PG,SG 17.08
26%
466 Dorell Wright 9232 MIA,GSW,PHI,POR SF 16.22
26%
949 Gary Trent 3229 DAL,MIN SF,PF,C 11.62
26%
573 Gary Trent Jr. 7618 POR,TOR,MIL SG,SF 20.64
26%
772 Jarred Vanderbilt 4896 DEN,MIN,LAL,UTA PF 16.32
26%
427 Lorenzen Wright 10075 ATL,MEM,SAC,CLE C 16.90
26%
199 Luis Scola 17664 HOU,PHO,IND,TOR,BRK PF 22.33
26%
385 Montrezl Harrell 11280 HOU,LAC,LAL,CHO,WAS,PHI PF,C 20.55
26%
513 Pat Connaughton 8469 POR,MIL SG,SF 13.03
26%
262 Patrick Beverley 15238 HOU,LAC,MIN,CHI,LAL,MIL,PHI PG,SG 20.59
26%
752 Ronnie Price 5227 SAC,UTA,PHO,POR,ORL,LAL PG,SG 9.14
26%
316 Al-Farouq Aminu 13388 LAC,NOH,NOP,DAL,POR,ORL,CHI SF,PF 17.83
25%
290 Bonzi Wells 14232 POR,MEM,SAC,HOU,NOH SF,SG 22.52
25%
422 Chris Andersen 10146 DEN,NOH,NOK,MIA,MEM,CLE C,PF 13.21
25%
302 Corey Brewer 13745 MIN,DAL,DEN,HOU,LAL,OKC,PHI,SAC SF,SG,PF 15.87
25%
841 Dante Exum 4159 UTA,CLE,DAL PG,SG 12.30
25%
822 Danuel House Jr. 4305 WAS,PHO,HOU,NYK,UTA,PHI SG,SF 13.33
25%
440 Eddie House 9788 MIA,LAC,CHA,MIL,SAC,PHO,NJN,BOS,NYK PG,SG 12.50
25%
196 Greg Monroe 17853 DET,MIL,BOS,PHO,PHI,TOR,MIN,UTA,WAS C,PF 26.45
25%
322 Keith Van Horn 13217 NJN,PHI,MIL,NYK,DAL PF,SF 25.18
25%
785 Kevin Willis 4732 TOR,DEN,HOU,SAS,ATL,DAL PF,C 12.13
25%
924 Luke Kornet 3414 NYK,CHI,BOS,CLE,MIL C 10.44
25%
684 Markelle Fultz 6133 PHI,ORL SG,PG 24.63
25%
636 Maxi Kleber 6680 DAL PF,C 14.55
25%
700 Nikola Pekovic 5901 MIN C 21.77
25%
521 Ronnie Brewer 8314 UTA,MEM,CHI,NYK,OKC,HOU SG,SF 15.14
25%
807 Rudy Fernandez 4454 POR,DEN SG 16.68
25%
644 Sasha Vujacic 6605 LAL,NJN,LAC,NYK SG,PG 10.22
25%
351 T.J. Ford 12145 MIL,TOR,IND,SAS PG 27.17
25%
506 T.J. Warren 8615 PHO,IND,BRK,MIN SF,PF 21.65
25%
956 Walker Kessler 3193 UTA C 21.57
25%
277 Alec Burks 14711 UTA,CLE,SAC,GSW,PHI,NYK,DET,MIA SG,SF 18.93
23%
516 Christian Wood 8399 PHI,CHO,MIL,NOP,DET,HOU,DAL,LAL PF,C 24.78
23%
593 Derrick Coleman 7316 CHH,PHI,DET PF,C 24.80
23%
165 D.J. Augustin 19743 CHA,IND,CHI,TOR,DET,OKC,DEN,ORL,HOU,MIL,LAL PG 19.47
23%
478 Doug McDermott 9021 CHI,OKC,DAL,NYK,IND,SAS,SAC SF,PF 12.96
23%
495 E'Twaun Moore 8820 BOS,ORL,CHI,NOP,PHO PG,SG 14.09
23%
559 John Henson 7794 MIL,CLE,DET PF,C 16.98
23%
859 Jonathan Isaac 4011 ORL PF 17.21
23%
781 Jonathan Kuminga 4801 GSW SF,PF 18.98
23%
946 Jose Alvarado 3244 NOP PG 16.55
23%
397 Larry Nance Jr. 10727 LAL,CLE,NOP,POR,ATL PF,C 18.99
23%
692 Marvin Bagley III 5981 SAC,DET,WAS PF,C 22.40
23%
470 Maurice Harkless 9170 ORL,POR,LAC,NYK,MIA,SAC SF,PF 14.02
23%
550 Michael Kidd-Gilchrist 7902 CHA,CHO,DAL SF,PF 17.33
23%
607 Mikki Moore 7080 DET,ATL,BOS,NJN,UTA,LAC,SEA,SAC,GSW C,PF 12.06
23%
311 Morris Peterson 13475 TOR,NOH,OKC SG,SF 18.11
23%
326 Nazr Mohammed 13060 PHI,ATL,NYK,SAS,DET,CHA,OKC,CHI C 12.27
23%
292 Nick Van Exel 14126 DEN,DAL,GSW,POR,SAS PG,SG 28.71
23%
622 Timofey Mozgov 6858 DEN,NYK,CLE,LAL,BRK C 13.88
23%
467 Trey Burke 9225 UTA,WAS,NYK,DAL,PHI PG 17.77
23%
429 Aaron McKie 10031 PHI,LAL SG,SF,PG 19.71
21%
742 Charles Oakley 5357 TOR,CHI,WAS,HOU PF,C 19.20
21%
645 Daniel Theis 6596 BOS,CHI,HOU,IND,LAC,NOP C 15.45
21%
272 Darrell Armstrong 14739 ORL,NOH,DAL,IND,NJN PG 21.03
21%
379 DeShawn Stevenson 11419 UTA,ORL,WAS,DAL,NJN,ATL SG,SF 13.19
21%
562 Devonte' Graham 7759 CHO,NOP,SAS PG 22.49
21%
863 Joey Graham 3969 TOR,DEN,CLE SF 10.20
21%
995 John Starks 2865 CHI,GSW,UTA SG 15.83
21%
955 Jonny Flynn 3208 MIN,HOU,POR PG 19.68
21%
367 Kris Humphries 11729 UTA,TOR,DAL,NJN,BRK,BOS,WAS,ATL,PHO PF,SF 14.27
21%
223 Leandro Barbosa 16678 PHO,TOR,IND,BOS,GSW PG,SG 17.21
21%
595 Mike Scott 7287 ATL,WAS,LAC,PHI PF 11.91
21%
507 Nerlens Noel 8609 PHI,DAL,OKC,NYK,BRK,DET C 17.79
21%
252 Ramon Sessions 15512 MIL,MIN,CLE,LAL,CHA,SAC,WAS,CHO,NYK PG,SG 21.76
21%
526 Rodney Hood 8224 UTA,CLE,POR,TOR,LAC,MIL SG,SF,PF 16.72
21%
673 Ronny Turiaf 6266 LAL,GSW,NYK,MIA,WAS,LAC,MIN C 12.05
21%
457 Theo Ratliff 9427 PHI,ATL,POR,BOS,DET,MIN,CHA,SAS,LAL PF,C 16.83
21%
489 Andris Biedrins 8908 GSW,UTA C 16.81
19%
754 Ayo Dosunmu 5182 CHI SG 19.93
19%
354 Bismack Biyombo 12115 CHA,CHO,TOR,ORL,PHO,MEM,OKC C 13.77
19%
437 Carl Landry 9829 HOU,SAC,NOH,GSW,PHI PF 17.87
19%
286 David Wesley 14351 CHH,NOH,HOU,CLE PG,SG 24.16
19%
759 DeSagana Diop 5094 CLE,DAL,NJN,CHA C,PF 8.10
19%
777 Isaac Okoro 4849 CLE SG,SF 15.44
19%
961 Isaiah Joe 3151 PHI,OKC SG 11.06
19%
308 Jared Dudley 13557 CHA,PHO,LAC,MIL,WAS,BRK,LAL PF,SF,SG 14.30
19%
405 Jeremy Lamb 10416 OKC,CHO,IND,SAC SF,SG 17.74
19%
925 Jeremy Sochan 3410 SAS PF 24.89
19%
938 Keita Bates-Diop 3285 MIN,DEN,SAS,BRK,PHO SF,PF 11.37
19%
697 Kendall Gill 5938 NJN,MIA,MIN,CHI,MIL SF,SG 17.99
19%
525 Luke Walton 8228 LAL,CLE PF,SF 12.62
19%
921 Mitch Richmond 3466 WAS,LAL SG 19.58
19%
740 Mo Bamba 5365 ORL,LAL,PHI,LAC C 15.78
19%
783 Obi Toppin 4788 NYK,IND PF 14.34
19%
997 Quentin Grimes 2852 NYK,DET,DAL SG 14.78
19%
258 Will Barton 15359 POR,DEN,TOR,WAS SG,SF 21.66
19%
542 Ben McLemore 7956 SAC,MEM,HOU,LAL,POR SG,SF 13.93
17%
538 Cameron Payne 8070 OKC,CHI,CLE,PHO,MIL,PHI,NYK PG,SG 16.92
17%
406 Dario Saric 10402 PHI,MIN,PHO,OKC,GSW,DEN PF,C 20.28
17%
442 Dion Waiters 9756 CLE,OKC,MIA,LAL SG 22.07
17%
688 Georges Niang 6083 IND,UTA,PHI,CLE PF 11.29
17%
375 Jamaal Magloire 11598 CHH,NOH,MIL,POR,DAL,NJN,MIA,TOR C 15.98
17%
276 Jamaal Tinsley 14720 IND,MEM,UTA PG 25.03
17%
663 Jared Sullinger 6349 BOS,TOR PF 22.76
17%
519 Jonas Jerebko 8360 DET,BOS,UTA,GSW PF 12.24
17%
652 Josh McRoberts 6506 POR,IND,LAL,CHA,ORL,MIA,DAL PF,C 14.21
17%
185 Luke Ridnour 18416 SEA,MIL,MIN,CHA,ORL PG,SG 21.62
17%
472 Matt Bonner 9123 TOR,SAS C,PF 10.30
17%
151 Mike Dunleavy Jr. 21196 GSW,IND,MIL,CHI,ATL,CLE SF,PF,SG 20.82
17%
558 Nikola Mirotic 7815 CHI,NOP,MIL PF 21.77
17%
773 Onyeka Okongwu 4889 ATL C 17.40
17%
906 Santi Aldama 3607 MEM PF 18.59
17%
736 Shake Milton 5413 PHI,DET,MIN,NYK,BRK SG 15.29
17%
250 Steve Blake 15665 WAS,POR,DEN,MIL,LAC,LAL,GSW,DET PG 16.97
17%
948 Steve Novak 3231 HOU,LAC,DAL,SAS,NYK,TOR,OKC,UTA,MIL SF,PF 6.61
17%
603 Terrell Brandon 7150 MIN PG 37.83
17%
332 Thabo Sefolosha 12959 CHI,OKC,ATL,UTA,HOU SG,SF,PF 13.43
17%
480 Trey Lyles 9008 UTA,DEN,SAS,DET,SAC PF 14.69
17%
907 Xavier Tillman Sr. 3604 MEM,BOS PF,C 13.45
17%
708 Al Thornton 5803 LAC,WAS,GSW PF,SF 19.60
15%
374 Andray Blatche 11626 WAS,BRK PF,C 19.67
15%
601 Aron Baynes 7188 SAS,DET,BOS,PHO,TOR C 12.48
15%
310 Brendan Haywood 13487 WAS,DAL,CHA,CLE C 15.50
15%
890 Cam Reddish 3727 ATL,NYK,POR,LAL SF 15.79
15%
502 Carlos Delfino 8662 DET,TOR,MIL,HOU SG,SF 15.81
15%
666 Chris Boucher 6315 GSW,TOR PF,C,SF 16.15
15%
296 Chucky Atkins 13916 ORL,DET,BOS,LAL,MEM,WAS,DEN,OKC PG,SG 19.01
15%
651 Darko Milicic 6512 DET,ORL,MEM,MIN,NYK,BOS C,PF 13.32
15%
574 De'Anthony Melton 7601 PHO,MEM,PHI,GSW PG,SG 19.69
15%
555 Dewayne Dedmon 7872 GSW,ORL,PHI,SAS,ATL,SAC,MIA C 14.42
15%
188 Drew Gooden 18248 MEM,ORL,CLE,CHI,SAC,SAS,DAL,LAC,MIL,WAS SF,PF,C 21.37
15%
512 Elden Campbell 8488 CHH,NOH,SEA,DET,NJN C,PF 19.25
15%
918 Fabricio Oberto 3490 SAS,WAS,POR C 9.14
15%
613 Frank Kaminsky 7007 CHO,PHO,ATL,HOU C,PF 16.30
15%
880 Frank Ntilikina 3822 NYK,DAL,CHO PG,SG 11.38
15%
473 Greivis Vasquez 9121 MEM,NOH,SAC,TOR,MIL,BRK PG 21.46
15%
362 Jeff Foster 11843 IND C 14.50
15%
486 Jordan Farmar 8967 LAL,NJN,LAC,MEM,SAC PG 15.54
15%
756 Josh Okogie 5124 MIN,PHO SG 12.81
15%
605 Justise Winslow 7111 MIA,MEM,LAC,POR SF,PF,SG 19.59
15%
844 Kendrick Nunn 4123 MIA,LAL,WAS PG,SG 19.45
15%
450 Luc Mbah a Moute 9612 MIL,MIN,SAC,PHI,LAC,HOU PF,SF 13.33
15%
587 Luke Kennard 7437 DET,LAC,MEM SG 17.34
15%
481 Marcus Thornton 9001 NOH,SAC,BRK,BOS,PHO,HOU,WAS SG 18.26
15%
782 Matt Carroll 4792 POR,SAS,CHA,DAL SG 10.33
15%
408 Patrick Patterson 10370 HOU,SAC,TOR,OKC,LAC PF 13.50
15%
279 Randy Foye 14626 MIN,WAS,LAC,UTA,DEN,OKC,BRK PG,SG 18.78
15%
325 Ruben Patterson 13093 SEA,POR,DEN,MIL,LAC SF,SG 20.33
15%
608 Tony Snell 7044 CHI,MIL,DET,ATL,NOP,POR SG,SF 10.85
15%
974 Tony Wroten 3023 MEM,PHI SG,PG 20.02
15%
460 Tyronn Lue 9347 LAL,WAS,ORL,ATL,HOU,DAL,MIL PG 16.78
15%
696 Allen Crabbe 5953 POR,BRK,ATL,MIN SG,SF 14.96
13%
433 Andres Nocioni 9902 CHI,SAC,PHI SF,PF 18.44
13%
254 Beno Udrih 15463 SAS,SAC,MIL,ORL,MEM,NYK,MIA,DET PG,SG 17.49
13%
531 Cedi Osman 8183 CLE,SAS SF 16.50
13%
264 Channing Frye 15125 NYK,POR,PHO,ORL,CLE,LAL C,PF 16.11
13%
370 Charlie Villanueva 11667 TOR,MIL,DET,DAL PF 17.54
13%
564 Christian Laettner 7730 DET,DAL,WAS,MIA C,PF 19.04
13%
829 Corey Kispert 4253 WAS SF 17.29
13%
289 Cory Joseph 14261 SAS,TOR,IND,SAC,DET,GSW,ORL PG,SG 15.69
13%
659 Davis Bertans 6423 SAS,WAS,DAL,CHO,OKC PF 12.30
13%
282 Erick Dampier 14555 GSW,DAL,MIA,ATL C 17.25
13%
447 Garrett Temple 9663 HOU,SAC,SAS,CHA,MIL,WAS,LAC,MEM,BRK,CHI,NOP,TOR SG,PG,SF 12.39
13%
547 Ian Mahinmi 7922 SAS,DAL,IND,WAS C 11.56
13%
830 Jamario Moon 4247 TOR,MIA,CLE,LAC,CHA SF 13.92
13%
229 James Posey 16560 DEN,HOU,MEM,MIA,BOS,NOH,IND SF,SG,PF 17.83
13%
735 Jason Kapono 5413 CLE,CHA,MIA,TOR,PHI,LAL SF,SG 10.43
13%
414 J.J. Hickson 10251 CLE,POR,SAC,DEN,WAS C,PF 18.81
13%
528 Kerry Kittles 8201 NJN,LAC SG 23.23
13%
856 Landry Fields 4027 NYK,TOR SG,SF 15.08
13%
401 Marreese Speights 10490 PHI,MEM,CLE,GSW,LAC,ORL C,PF 13.71
13%
795 Mirza Teletovic 4574 BRK,PHO,MIL PF,SF 13.34
13%
909 Pablo Prigioni 3588 NYK,HOU,LAC PG 11.84
13%
912 Quincy Acy 3530 TOR,SAC,NYK,BRK,DAL,PHO PF,SF 10.47
13%
213 Rafer Alston 17061 MIL,TOR,MIA,HOU,ORL,NJN PG 23.47
13%
443 Rodney Rogers 9719 PHO,BOS,NJN,NOH,PHI PF,SF 19.44
13%
718 Scot Pollard 5650 SAC,IND,CLE,BOS C 11.04
13%
303 Spencer Hawes 13718 SAC,PHI,CLE,LAC,CHO,MIL C,PF 19.11
13%
468 Troy Hudson 9207 LAC,ORL,MIN,GSW PG 18.49
13%
973 Vonteego Cummings 3030 GSW,PHI PG 15.15
13%
539 Willie Cauley-Stein 8069 SAC,DAL,GSW,PHI C 18.85
13%
540 Anthony Morrow 7983 GSW,NJN,ATL,DAL,NOP,OKC,CHI SG 13.74
11%
983 Austin Daye 2953 DET,MEM,SAS,TOR,ATL SF 9.91
11%
987 Bimbo Coles 2944 ATL,CLE,BOS,MIA PG 12.58
11%
876 Boban Marjanovic 3845 SAS,DET,LAC,PHI,DAL,HOU C 10.62
11%
862 Brian Scalabrine 3980 NJN,BOS,CHI PF,C 7.12
11%
831 Brian Shaw 4231 LAL SG,PG 11.99
11%
377 Chris Duhon 11542 CHI,NYK,ORL,LAL PG 18.18
11%
972 Dan Majerle 3038 MIA,PHO SG 15.19
11%
690 Erick Strickland 6011 DAL,NYK,VAN,BOS,IND,MIL SG,PG 15.30
11%
530 Francisco Garcia 8187 SAC,HOU SF,SG 14.54
11%
951 Goga Bitadze 3215 IND,ORL C 12.00
11%
404 Jerryd Bayless 10427 POR,NOH,TOR,MEM,BOS,MIL,PHI,MIN PG,SG 16.93
11%
508 Keith Bogans 8607 ORL,CHA,HOU,MIL,SAS,CHI,NJN,BRK,BOS SF,SG 12.17
11%
380 Kent Bazemore 11375 GSW,LAL,ATL,POR,SAC SG,SF 16.25
11%
731 Landry Shamet 5495 LAC,PHI,BRK,PHO,WAS SG 13.70
11%
639 Langston Galloway 6661 NYK,NOP,SAC,DET,PHO,BRK,MIL PG,SG 14.54
11%
677 Linas Kleiza 6190 DEN,TOR PF,SF 14.23
11%
727 Luther Head 5567 HOU,MIA,IND,SAC SG,PG 15.46
11%
501 Martell Webster 8691 POR,MIN,WAS SF 14.53
11%
866 Matisse Thybulle 3937 PHI,POR SG,SF 11.03
11%
566 Maurice Taylor 7683 LAC,HOU,NYK,SAC PF,SF,C 18.21
11%
851 Melvin Ely 4065 LAC,CHA,SAS,NOH,DEN,NOP C,PF 10.64
11%
780 Mookie Blaylock 4804 GSW PG 27.14
11%
535 Nenad Krstic 8124 NJN,OKC,BOS PF,C 18.17
11%
496 Omri Casspi 8817 SAC,CLE,HOU,MIN,NOP,GSW,MEM SF,PF 14.99
11%
548 Richaun Holmes 7908 PHI,PHO,SAC,DAL,WAS PF,C 17.08
11%
805 Robert Traylor 4472 MIL,CLE,CHH,NOH PF,C 10.96
11%
557 Rod Strickland 7823 WAS,POR,MIA,MIN,ORL,TOR,HOU PG 23.63
11%
872 Ryan Hollins 3878 CHA,DAL,MIN,CLE,BOS,LAC,SAC,MEM,WAS C,PF 7.00
11%
892 Shabazz Muhammad 3713 MIN,MIL SG,SF 13.17
11%
497 Stromile Swift 8807 VAN,MEM,HOU,NJN,PHO PF,C 15.90
11%
681 Toney Douglas 6145 NYK,HOU,SAC,GSW,MIA,NOP,MEM PG,SG 15.02
11%
713 Tyler Hansbrough 5741 IND,TOR,CHO PF 12.16
11%
423 Wayne Ellington 10145 MIN,CLE,MEM,DAL,LAL,BRK,MIA,DET,NYK SG 12.99
11%
680 Wesley Person 6171 CLE,MEM,ATL,POR,DEN,MIA SG,SF 16.68
11%
992 Aaron Gray 2902 CHI,NOH,TOR,SAC C 8.90
9%
732 Alonzo Gee 5479 WAS,CLE,SAS,DEN,POR,NOP SG,SF 13.11
9%
499 Anthony Tolliver 8725 SAS,GSW,POR,MIN,ATL,CHA,DET,PHO,SAC,MEM,PHI PF,SF 11.71
9%
945 Bones Hyland 3251 DEN,LAC SG,PG 17.96
9%
494 Carlos Arroyo 8834 DEN,TOR,UTA,DET,ORL,MIA,BOS PG,SG 14.65
9%
635 Charlie Ward 6702 NYK,SAS,HOU PG 17.97
9%
444 Chris Wilcox 9706 LAC,SEA,NYK,OKC,DET,BOS PF,C 15.41
9%
883 Denzel Valentine 3792 CHI,CLE,UTA SG,SF 14.58
9%
582 Eduardo Najera 7533 DAL,DEN,GSW,NJN,CHA PF,SF 11.11
9%
629 Emmanuel Mudiay 6796 DEN,NYK,UTA,SAC PG 22.28
9%
843 Furkan Korkmaz 4133 PHI SG 11.45
9%
765 Johan Petro 5031 SEA,DEN,OKC,NJN,ATL C 10.16
9%
926 Jordan McLaughlin 3404 MIN,SAC PG 12.56
9%
503 Mickael Pietrus 8656 GSW,ORL,PHO,BOS,TOR PG,SF,SG 13.83
9%
561 Nemanja Bjelica 7778 MIN,SAC,MIA,GSW PF,C 16.51
9%
828 Nik Stauskas 4255 SAC,PHI,BRK,CLE,POR,BOS,MIA SG 11.95
9%
591 Omer Asık 7353 CHI,HOU,NOP C 14.47
9%
572 Reggie Bullock 7640 LAC,PHO,DET,LAL,NYK,DAL,HOU SF,SG 13.10
9%
721 Sasha Pavlovic 5622 UTA,CLE,MIN,BOS,DAL,NOH,POR SF,SG 9.08
9%
589 Tomas Satoransky 7382 WAS,CHI,NOP,SAS SG,PG,SF 18.27
9%
653 Torrey Craig 6489 DEN,MIL,PHO,IND,CHI SF,PF 12.62
9%
504 Trenton Hassell 8638 CHI,MIN,DAL,NJN SG,SF 13.05
9%
981 Amir Coffey 2970 LAC SG,SF 10.17
8%
979 Andrew Nicholson 2978 ORL,BRK,WAS PF 10.45
8%
459 Austin Croshere 9361 IND,DAL,GSW,MIL,SAS PF 13.91
8%
567 Bo Outlaw 7683 ORL,PHO,MEM PF,C 14.33
8%
686 Bryn Forbes 6103 SAS,MIL,DEN,MIN SG 12.90
8%
810 Chris Childs 4427 NYK,TOR,NJN PG 16.90
8%
616 Clarence Weatherspoon 6925 MIA,CLE,NYK,HOU PF 17.31
8%
794 Drew Eubanks 4591 SAS,POR,PHO,UTA PF,C 13.50
8%
378 Earl Boykins 11470 CLE,ORL,LAC,GSW,DEN,MIL,CHA,WAS,HOU PG,SG 17.78
8%
928 Eric Maynor 3378 OKC,UTA,POR,PHI,WAS PG,SG 11.65
8%
623 Greg Ostertag 6855 UTA,SAC C 12.81
8%
980 Isaiah Rider 2975 ATL,LAL,DEN SG 21.72
8%
779 Jae'Sean Tate 4832 HOU SF,PF 19.17
8%
568 Jason Maxiell 7681 DET,ORL,CHO PF,C 11.76
8%
552 Jodie Meeks 7881 MIL,PHI,LAL,DET,ORL,WAS,TOR SG 13.75
8%
917 John Konchar 3501 MEM SG,SF 12.33
8%
222 John Salmons 16713 PHI,SAC,CHI,MIL,TOR,NOP PG,SG,SF 18.11
8%
596 Josh Childress 7257 ATL,PHO,BRK,NOP SG,SF 18.23
8%
877 Kevin Knox 3841 NYK,ATL,DET,POR PF,SF 12.39
8%
474 Kosta Koufos 9104 UTA,DEN,MIN,MEM,SAC C 12.59
8%
833 Kyle Singler 4226 DET,OKC SF 11.64
8%
842 Lou Amundson 4134 PHI,UTA,PHO,GSW,IND,CHI,MIN,NOH,NOP,CLE,NYK PF 9.05
8%
802 Mario Hezonja 4525 ORL,NYK,POR SF,PF 13.47
8%
317 Matt Harpring 13379 ORL,CLE,PHI,UTA SF,SG 20.30
8%
793 Precious Achiuwa 4598 MIA,TOR,NYK PF,C 16.30
8%
936 Quincy Pondexter 3300 NOH,MEM,NOP,CHI,SAS SF,SG 8.48
8%
363 Raef LaFrentz 11834 DEN,DAL,BOS,POR C,PF 20.19
8%
323 Rasho Nesterovic 13169 MIN,SAS,TOR,IND C 15.14
8%
476 Travis Outlaw 9074 POR,LAC,NJN,SAC PF,SF 14.45
8%
355 Vladimir Radmanovic 12114 SEA,LAC,LAL,CHA,GSW,ATL,CHI PF,SF 15.45
8%
563 Adonal Foyle 7746 GSW,ORL,MEM C 12.07
6%
939 Alexis Ajinca 3284 CHA,DAL,TOR,NOP PF,C 11.09
6%
679 Brandon Rush 6176 IND,GSW,UTA,MIN SG,SF 12.28
6%
715 Chase Budinger 5662 HOU,MIN,IND,PHO SF 13.91
6%
642 Chris Mihm 6628 CLE,BOS,LAL C,PF 15.03
6%
976 Cole Aldrich 3008 OKC,HOU,SAC,NYK,LAC,MIN C 8.59
6%
994 Damyean Dotson 2885 NYK,CLE SG 13.54
6%
817 Darius Bazley 4344 OKC,PHO,PHI,UTA PF,C 17.80
6%
634 Darrell Arthur 6752 MEM,DEN PF,SF 12.72
6%
839 DeAndre' Bembry 4177 ATL,TOR,BRK,MIL SF,SG 14.11
6%
901 Donatas Motiejunas 3638 HOU,NOP,SAS PF 13.89
6%
500 Jacque Vaughn 8724 UTA,ATL,ORL,NJN,SAS PG,SG 11.21
6%
738 James Ennis III 5373 MIA,MEM,NOP,DET,HOU,PHI,ORL,BRK,DEN,LAC SF,SG 12.88
6%
647 Jannero Pargo 6567 LAL,CHI,TOR,NOK,NOH,ATL,CHA,WAS,CHO PG,SG 12.16
6%
524 Jared Jeffries 8262 WAS,NYK,HOU,POR SF,PF 12.63
6%
576 Joel Przybilla 7578 MIL,ATL,POR,CHA C 12.57
6%
915 Juancho Hernangomez 3520 DEN,MIN,BOS,SAS,UTA,TOR PF 10.06
6%
868 Kareem Rush 3898 LAL,CHA,IND,PHI,LAC PG,SG 10.34
6%
891 Kelenna Azubuike 3714 GSW,DAL SG,SF 17.27
6%
770 Kevin Seraphin 4976 WAS,NYK,IND PF,C 11.39
6%
944 Luke Babbitt 3259 POR,NOP,MIA,ATL SF,PF 8.51
6%
520 Michael Olowokandi 8336 LAC,MIN,BOS C 17.74
6%
814 Noah Vonleh 4363 CHO,POR,CHI,NYK,DEN,MIN,BRK,BOS PF,C 11.70
6%
733 Raul Neto 5465 UTA,PHI,WAS,CLE PG 11.73
6%
454 Sebastian Telfair 9489 POR,BOS,MIN,CLE,LAC,PHO,TOR,OKC PG 16.82
6%
776 Sergio Rodriguez 4885 POR,NYK,SAC,PHI PG 13.65
6%
751 Shabazz Napier 5237 MIA,ORL,POR,BRK,MIN,WAS PG 14.79
6%
889 Shane Larkin 3732 DAL,NYK,BRK,BOS PG 13.87
6%
791 Tim Frazier 4628 PHI,POR,NOP,WAS,MIL,DET,MEM,CLE,ORL PG 15.22
6%
730 Willy Hernangomez 5517 NYK,CHO,NOP C 15.99
6%
837 Yi Jianlian 4196 MIL,NJN,WAS,DAL PF 15.37
6%
990 Aleksej Pokusevski 2915 OKC,CHO PF 17.35
4%
586 Anthony Peeler 7440 MIN,SAC,WAS SG 15.80
4%
464 Bob Sura 9242 CLE,GSW,ATL,DET,HOU SG,PG 22.71
4%
813 Brian Cook 4366 LAL,ORL,HOU,LAC,WAS C,PF 9.66
4%
935 Corie Blount 3304 PHO,GSW,PHI,CHI,TOR PF,C 10.87
4%
895 Daequan Cook 3702 MIA,OKC,CHI,HOU SG,SF 9.90
4%
767 Danny Fortson 5005 BOS,GSW,DAL,SEA PF,C 15.59
4%
648 DeJuan Blair 6539 SAS,DAL,WAS PF,C 14.03
4%
971 Donald Sloan 3052 ATL,CLE,NOH,IND,BRK PG,SG 13.75
4%
905 Ekpe Udoh 3611 GSW,MIL,LAC,UTA C,PF 9.03
4%
710 Fred Hoiberg 5765 CHI,MIN SG 13.73
4%
597 George Lynch 7233 PHI,CHH,NOH SF,SG 16.18
4%
662 Gordan Giricek 6354 MEM,ORL,UTA,PHI,PHO SG,SF 15.38
4%
523 Hakim Warrick 8278 MEM,CHI,MIL,PHO,CHA,NOH PF 15.56
4%
840 Hamidou Diallo 4171 OKC,DET,WAS SG,SF 15.56
4%
920 Isaiah Canaan 3477 HOU,PHI,CHI,PHO,MIL,MIN PG,SG 14.61
4%
371 Jeff McInnis 11643 LAC,POR,CLE,NJN,CHA PG,SG 21.76
4%
960 Jiri Welsch 3152 GSW,BOS,CLE,MIL SF,SG 12.36
4%
996 Johnny Newman 2857 NJN,DAL SF,SG 13.35
4%
672 Kelvin Cato 6267 HOU,ORL,DET,NYK C,PF 14.47
4%
415 Keyon Dooling 10249 LAC,MIA,ORL,NJN,MIL,BOS,MEM PG,SG 12.96
4%
638 Kyle O'Quinn 6665 ORL,NYK,IND,PHI C,PF 14.06
4%
806 Marcus Banks 4468 BOS,MIN,PHO,MIA,TOR PG 12.38
4%
438 Mark Blount 9818 BOS,DEN,MIN,MIA C 15.66
4%
984 Mark Madsen 2947 LAL,MIN PF,C 5.87
4%
522 Marko Jaric 8304 LAC,MIN,MEM SF,PG,SG 18.58
4%
811 Michael Dickerson 4412 VAN,MEM SG 27.23
4%
657 Mike Muscala 6434 ATL,LAL,PHI,OKC,BOS,DET,WAS PF,C 11.04
4%
977 Oshae Brissett 2999 TOR,IND,BOS SF,PF 12.55
4%
869 Rashad McCants 3891 MIN,SAC SG 15.63
4%
933 Svi Mykhailiuk 3320 DET,LAL,OKC,TOR,CHO,NYK,BOS,UTA SF 10.85
4%
799 Tom Gugliotta 4557 PHO,UTA,ATL,BOS PF 15.71
4%
612 Tony Delk 7012 SAC,PHO,BOS,DAL,ATL,DET PG,SG 16.66
4%
510 Travis Best 8578 IND,CHI,MIA,DAL,NJN PG 18.14
4%
849 Bostjan Nachbar 4096 HOU,NOH,NJN,NOK SF,PF 12.23
2%
801 Brian Cardinal 4531 DET,WAS,GSW,MEM,MIN,DAL PF,SF 9.56
2%
610 Brian Skinner 7026 LAC,CLE,PHI,MIL,SAC,POR,PHO,MEM PF,C 11.56
2%
761 Calbert Cheaney 5080 BOS,DEN,UTA,GSW SG,SF 12.51
2%
969 Calvin Booth 3055 WAS,DAL,SEA,MIL,PHI,MIN,SAC C 8.10
2%
879 Chris Gatling 3826 DEN,ORL,CLE,MIA PF 17.96
2%
695 Dan Gadzuric 5956 MIL,GSW,NJN,NYK C,PF 11.05
2%
617 Darius Songaila 6917 SAC,CHI,WAS,NOH,PHI PF,C 13.41
2%
942 David Nwaba 3263 LAL,CHI,CLE,BRK,HOU SG,SF 13.77
2%
803 Dion Glover 4512 ATL,TOR,SAS SG 15.35
2%
937 Dominic McGuire 3298 WAS,SAC,CHA,GSW,IND,NOH,TOR SG,SF,PF 9.56
2%
796 Francisco Elson 4572 DEN,SAS,SEA,MIL,PHI,UTA C 9.11
2%
991 Garrison Mathews 2908 WAS,HOU,ATL SG 10.06
2%
517 Howard Eisley 8382 UTA,DAL,NYK,PHO,DEN,LAC PG,SG 17.57
2%
852 Ira Newble 4050 SAS,ATL,CLE,LAL,SEA SF,SG 10.33
2%
934 Jake Tsakalidis 3318 PHO,MEM,HOU C 10.21
2%
954 Jaylen Nowell 3209 MIN,DET,MEM,NOP SG 15.07
2%
786 Jon Leuer 4702 MIL,CLE,MEM,PHO,DET PF,C 12.06
2%
792 Marquese Chriss 4605 PHO,CLE,HOU,GSW,DAL PF 15.35
2%
729 Michael Doleac 5529 ORL,CLE,NYK,DEN,MIA,MIN C 9.79
2%
959 Mike Sweetney 3159 NYK,CHI PF,C 12.95
2%
712 Moochie Norris 5759 HOU,NYK,NOK PG 13.49
2%
646 Pat Garrity 6578 ORL SF,PF 12.41
2%
815 Primoz Brezec 4353 IND,CHA,DET,TOR,MIL,PHI C 12.58
2%
894 Rodney McGruder 3705 MIA,LAC,DET SG 11.37
2%
640 Ron Mercer 6642 DEN,ORL,CHI,IND,SAS,NJN SG,SF 20.63
2%
479 Ryan Gomes 9018 BOS,MIN,LAC,OKC PF,SF 18.52
2%
835 Scott Padgett 4213 UTA,HOU,NJN,MEM PF 8.81
2%
919 Timothe Luwawu-Cabarrot 3490 PHI,CHI,OKC,BRK,ATL SF 10.12
2%
757 Vitaly Potapenko 5120 BOS,SEA,SAC C 12.52
2%
787 Walter McCarty 4684 BOS,PHO,LAC PF,SF 9.60
2%
865 Yogi Ferrell 3942 BRK,DAL,SAC,CLE,LAC PG,SG 14.71
2%
861 Andrew DeClercq 4001 CLE,ORL C 10.56
0%
967 Chimezie Metu 3061 SAS,SAC,DET,PHO PF,C 11.64
0%
747 Chris Whitney 5263 WAS,DEN,ORL PG 17.72
0%
878 Dan Dickau 3829 ATL,POR,DAL,NOH,BOS,LAC PG 12.76
0%
717 Eric Piatkowski 5657 LAC,HOU,CHI,PHO SF,SG 11.88
0%
797 George McCloud 4569 DEN SF 20.49
0%
628 Greg Buckner 6799 DAL,PHI,DEN,MIN,MEM SG,SF 11.18
0%
897 Ime Udoka 3673 LAL,NYK,POR,SAS,SAC SF,PF,SG 10.90
0%
836 Jake Voskuhl 4211 CHI,PHO,CHA,MIL,TOR C 9.23
0%
904 Jason Caffey 3617 GSW,MIL PF 15.52
0%
963 John Amaechi 3113 ORL,UTA C,PF 11.44
0%
998 Jordan Nwora 2835 MIL,IND,TOR SF 12.95
0%
957 Josh Boone 3190 NJN PF,C 11.90
0%
643 Juan Dixon 6627 WAS,POR,TOR,DET PG,SG 14.60
0%
899 Khem Birch 3651 ORL,TOR C 12.25
0%
809 Lee Nailon 4448 CHH,NYK,ATL,CLE,ORL,NOH,PHI SF,PF 14.12
0%
763 Marcus Fizer 5041 CHI,MIL,NOK PF,SF 17.44
0%
929 Michael Ruffin 3373 CHI,PHI,UTA,WAS,MIL,POR PF,C 7.77
0%
704 Milt Palacio 5822 VAN,BOS,PHO,CLE,TOR,UTA PG,SG 12.39
0%
871 Predrag Drobnjak 3882 SEA,LAC,ATL C 13.81
0%
986 Rodney Carney 2945 PHI,MIN,GSW,MEM SF,SG 9.66
0%
952 Sean Rooks 3214 DAL,LAC,NOH,ORL C 9.48
0%
832 Stacey Augmon 4227 POR,CHH,NOH,ORL SG,SF 9.17
0%
966 Theo Maledon 3063 OKC,CHO,PHO PG 17.31
0%
962 Todd MacCulloch 3137 PHI,NJN C 11.79
0%
985 Tony Massenburg 2946 HOU,VAN,MEM,UTA,SAC,SAS PF,C 9.01
0%
911 Tyrone Nesby 3530 LAC,WAS SG,SF 17.22
0%
No matching quizzes found
Score Distribution
Percent of People with Each Score
Percentile by Number Answered
Your Score History
You have not taken this quiz